00477 2200169 4500245004800000020001800048250001100066100002100077650001600098005001900114260004200133041001400175084000800189300002300197500007800220336000900298 aKana di Negeri KiwicRosemary KesaulyhText a979-22-1271-x aCet. 1 aRosemary Kesauly aNovel Fiksi a20231005114420 aJakartabGramedia Pustaka Utamac2005 aIndonesia a813 a208 hlm. :c20 cm. aTak pernah terlintas di benak kana bahwa dia harus pindah ke negeri kiwi. atext